| 000 | 01045nam a2200325 a 4500 | ||
|---|---|---|---|
| 001 | 000110012 | ||
| 003 | CHAP | ||
| 005 | 20220329144114.0 | ||
| 008 | 140620s2012 mx a |r| ||||||spa d | ||
| 010 | _a106474 | ||
| 011 | _a107446 | ||
| 020 | _a9786074943573 | ||
| 040 | _cCHAP | ||
| 082 | 0 | 4 |
_a305.553097246 _bI59 |
| 245 | 1 | 4 |
_aLos profesionistas en Hidalgo 2010 / _cpor Instituto Nacional de Estadística y Geografía. |
| 260 |
_aAguascalientes, Ags. : _bINEGI, _cc2012. |
||
| 300 |
_axiii, 120 p. : _bil., gráfs. |
||
| 590 |
_aE11695DGD _b10 _c20140624 _lUCH01 _h0933 |
||
| 590 |
_aE5995AHE _b05 _c20140620 _lUCH01 _h1035 |
||
| 590 |
_aE5995AHE _b05 _c20140620 _lUCH01 _h1036 |
||
| 590 |
_aE5995AHE _b05 _c20140620 _lUCH01 _h1042 |
||
| 590 |
_aE5995AHE _b05 _c20140620 _lUCH01 _h1047 |
||
| 650 | 1 | 4 |
_aHidalgo _xCondiciones sociales _zHidalgo. _9175583 |
| 650 | 1 | 4 |
_aHidalgo _xEstadísticas. _955174 |
| 650 | 1 | 4 |
_aProfesionistas. _992240 |
| 650 | 1 | 4 |
_zHidalgo _xCondiciones económicas. _9124373 |
| 901 | _aBK | ||
| 942 | _cLIBRO | ||
| 942 | _n0 | ||
| 999 |
_c106474 _d106474 |
||